00627 2200205 4500001002100000005001500021035002000036007000300056008004100059020001700100082001200117084001800129100002900147245009100176260003300267300004700300700002800347650002900375990001700404INLIS00000000000092220260520093731 a0010-0823000086ta260520 j 0 ind  a978-602-8798 a297.246 a297.246 BAY t0 aBayu Indie ( Pengarang )1 aThe Great Prophet :bNabi Adam A.S & Nabi Idris A.S /cBayu indie; editor,Anna Fauziah aJakarta :bPustaka Lebah,c- a40 :bilus. ;gambar berwarna ;c28.5 cme-1 aAnna Fauziah ( Editor ) 4aIslam - cerita anak anak a00022/K/2016